书目信息 |
| 题名: |
中国近现代文化史专题研究
|
|
| 作者: | 房列曙 著 | |
| 分册: | ||
| 出版信息: | 芜湖 安徽师范大学出版社 2012.03 |
|
| 页数: | 458页 | |
| 开本: | 24cm | |
| 丛书名: | ||
| 单 册: | ||
| 中图分类: | K250.3 , K270.3 | |
| 科图分类: | ||
| 主题词: | 文化史--中国--近现代 , 文化史 | |
| 电子资源: | ||
| ISBN: | 978-7-81141-671-8 | |
| 000 | 01107nam0 2200253 450 | |
| 001 | 005263590 | |
| 005 | 20120626150258.46 | |
| 010 | @a978-7-81141-671-8@dCNY60.00 | |
| 100 | @a20120531d2012 emky0chiy50 ea | |
| 101 | 0 | @achi |
| 102 | @aCN@b340000 | |
| 105 | @ay z 000yy | |
| 106 | @ar | |
| 200 | 1 | @a中国近现代文化史专题研究@9zhong guo jin xian dai wen hua shi zhuan ti yan jiu@f房列曙等著 |
| 210 | @a芜湖@c安徽师范大学出版社@d2012.03 | |
| 215 | @a458页@d24cm | |
| 330 | @a本书共十四章。第一章论述中国近现代文化史研究的方法。第二章到第四章研究物质层面、制度层面、观念层面的文化变革,揭示中国近现代文化发展的历程。第五章到第十四章,主要研究中国近现代社会风俗的变迁、中国官吏选任制度的历史经验、晚清政治制度的转型、晚清人才选拔制度的变革及其特点、孙中山的人才选拔思想、中国近现代文官考绩制度、学校考试制度、乾嘉考据学派对我国近现代史学的影响、学术史视野中的陈翰笙、胡适的文化思想等。 | |
| 606 | 0 | @a文化史@y中国@z近现代 |
| 606 | 0 | @a文化史 |
| 690 | @aK250.3@v5 | |
| 690 | @aK270.3@v5 | |
| 701 | 0 | @a房列曙@9fang lie shu@4著 |
| 801 | 0 | @aCN@bNLC@c20120531 |
| 905 | @b541349-53@dK250.3@e50@f5 | |
| 中国近现代文化史专题研究/房列曙等著.-芜湖:安徽师范大学出版社,2012.03 |
| 458页;24cm |
| ISBN 978-7-81141-671-8:CNY60.00 |
| 本书共十四章。第一章论述中国近现代文化史研究的方法。第二章到第四章研究物质层面、制度层面、观念层面的文化变革,揭示中国近现代文化发展的历程。第五章到第十四章,主要研究中国近现代社会风俗的变迁、中国官吏选任制度的历史经验、晚清政治制度的转型、晚清人才选拔制度的变革及其特点、孙中山的人才选拔思想、中国近现代文官考绩制度、学校考试制度、乾嘉考据学派对我国近现代史学的影响、学术史视野中的陈翰笙、胡适的文化思想等。 |
| ● |
| 相关链接 |
|
|
|
|
正题名:中国近现代文化史专题研究
索取号:K250.3/50
 
预约/预借
| 序号 | 登录号 | 条形码 | 馆藏地/架位号 | 状态 | 备注 |
| 1 | 541349 | 205413499 | 第二样本阅览室/ [索取号:K250.3/50] | 在馆 | |
| 2 | 541350 | 205413505 | 密集书库-史法系/ [索取号:K250.3/50] | 在馆 | |
| 3 | 541351 | 205413514 | 第二借阅区/ [索取号:K250.3/50] | 在馆 | |
| 4 | 541352 | 205413523 | 第二借阅区/ [索取号:K250.3/50] | 在馆 | |
| 5 | 541353 | 205413532 | 第二借阅区/ [索取号:K250.3/50] | 在馆 |